| 000 | 00500nam a2200181Ia 4500 | ||
|---|---|---|---|
| 001 | 14523 | ||
| 003 | IN-NITTTR | ||
| 005 | 20251114233136.0 | ||
| 008 | 251113s9999||||xx |||||||||||||| ||eng|| | ||
| 040 | _beng | ||
| 040 | _cIN-NITTTR | ||
| 041 | _aeng | ||
| 082 | _a370.3 I8 | ||
| 100 | _aHusen, Torsten | ||
| 245 | 4 |
_aThe international encyclopedia of education : _b research and studies. / _cHusen, Torsten, Postlethwaite, T. Neville |
|
| 700 | _a Postlethwaite, T. Neville | ||
| 942 |
_2ddc _cBK |
||
| 999 |
_c17159 _d17159 |
||